000 01148pam a2200373 a 4500
001 8177
003 FISKH
005 20250901122748.0
008 900719r1991 nyu j 000 1 eng
010 _a 90008916
020 _a0399222499
020 _a9780399222498
035 _a3414287
040 _aDLC
_cDLC
_dDLC
_bENG
042 _alcac
050 _aPZ7.G4824 T
082 _a823.914
100 1 _aGleitzman, Morris.
245 1 0 _aTwo weeks with the Queen /
_cMorris Gleitzman.
260 _aNew York :
_bPuffin Books,
_c1989.
300 _a127 pages :
_b19 cm
336 _atext
_btxt
_2rdacontent
337 _aunmediated
_bn
_2rdamedia
338 _avolume
_bnc
_2rdacarrier
520 _aSent to live with relatives in England when his younger brother develops a rare form of cancer, Colin tries to see the Queen to help find a cure for his brother.
650 1 _aBrothers
_xFiction.
650 1 _aCancer
_xFiction.
650 1 _aTerminally ill
_xFiction.
650 1 _aHumorous stories.
651 1 _aEngland
_xFiction.
906 _a7
_bcbc
_corignew
_d1
_eocip
_f19
_gy-gencatlg
942 _2ddc
_cBK
_n0
999 _c8177
_d8177